000
00201 a2200097 4500
001
55271
100
_a
245
_a
Space race
260
_a
London
_b
Bell& Sons
_c
2002
090
_c
34239
_d
34239
942
_a
NUST-CAE
_c
MONOGRAPH
_c
26935
999
_c
290344
_d
290344